1037 1854 1480 1430 1918 1754 1037 1290 1318 1318 1441 1921 1262 1776 1107 1976 1093 1007 1344 1655 1581 1107 1841 1456 1362 1854 1421 1448 1500 1049 1195 1753 1855 1863 1197 1460 1927 1397 1965 1927 1627 1130 1555 1733 1802 1662 1807 1286 1174 1861 1667 1150 1888 1360 1401 1178 1066 1076 1888 1676 1590 1687 1753 1059 1122 1298 1240 1382 1996 1980 1028 1424 1467 1715 1309 1044 1729 1296 1705 1408 1275 1617 1154 1643 1741 1548 1780 1865 1472 1601 1971 1680 1376 1179 1331 1910 1294 1120 1525 BCNSPRNW ULIB Ver.6.0+V

เปลี่ยนเป็นภาษาไทย

Change to English
 แสดงรายละเอียดบรรณานุกรม
  กลับหน้าหลัก

Brief Record : Get Marc (ISO 2709) : E-mail record : QR code < ปิดหน้าต่าง
LEADER : 00000nam 2200000uu 4500
001    13399127472
003     ULIB
008    200604s2016||||th 000 0 tha d
020    ^a9781506256399 (pbk.)
050  4 ^aPE1128^bL887Bp
100 1  ^aLougheed, Lin,^d1946
245 10 ^aBarron s IELTS practice exams /^cLin Lougheed
246 3  ^aInternational English Language Testing System practiceexams
246 30 ^aIELTS practice exams
250    ^a3rd ed.
260    ^aHauppauge, N.Y. :^bBarron s Educational Series,^c2016
300    ^aiv, 457 p. :^bill. ;^c28 cm. +^e1 CD-ROM
650  0 ^aInternational English Language Testing System^vStudyguides
650  0 ^aEnglish language^vTextbooks for foreign speakers
650  0 ^aEnglish language^xExaminations^vStudy guides
653    ^aIELTS
945    ^p0^l0^i28378
999    ^aกัณชพร จุลอักษร
รายการนี้ยังไม่มีแท็ก
คุณยังไม่ได้ล็อกอิน คุณสามารถมีกิจกรรมร่วมกับเว็บไซต์ได้ แต่ต้องล็อกอินก่อน ::
  ล็อกอิน

รายการสื่อสารสนเทศ

ลำดับที่ ประเภท เลขเรียก/บาร์โค้ด สถานที่ สถานะ
1. หนังสือสำรอง
หนังสือสำรอง
PE1128 L887Bp ฉ.1 
  Barcode: 28378
ห้องสมุดวิทยาเขตนครสวรรค์
►หนังสือทั่วไป:l:General Books
บนชั้น

BibComment


ยังไม่เคยถูกคอมเมนท์

คอมเมนท์ทรัพยากรรายการนี้
  คอมเมนท์: Barron s IELTS p..


 Copyright 2026. Bcnsprnw @Library